000 004070000a22001810004500
003 MACL
005 20151014132858.0
008 151014b xxu||||| |||| 00| 0 eng d
040 _aMACL
_cMACL
041 _aEnglish
082 _a823
100 _aAadhavan
_98986
245 _aPaper Flowers
260 _bIndian Writing
_aNew Delhi
350 _a300
650 _aFicition
_914777
942 _cBK
_k823
_2ddc
999 _c8758
_d8758